| 000 | 00552nam a2200217Ia 4500 | ||
|---|---|---|---|
| 003 | OSt | ||
| 005 | 20250424141822.0 | ||
| 008 | 241129s9999||||xx |||||||||||||| ||und|| | ||
| 020 | _a9789386106728 | ||
| 040 |
_aSDCL _beng _cSDCL |
||
| 041 |
_aeng _2eng |
||
| 084 |
_aB1 R2 LR _qSDCL |
||
| 100 |
_aDami, Elisabetta _9394822 |
||
| 245 | 0 |
_aGeronimo Stilton : _bThe Lake monster |
|
| 260 |
_aNew York : _bscholastic, _c2022. |
||
| 300 | _a76p.+VP | ||
| 365 |
_aINR _b195 |
||
| 650 | _aReference | ||
| 942 |
_cGB _2CC _n0 |
||
| 999 |
_c1232124 _d1232124 |
||